000 00393cam a2200157ua 4500
003 OSt
008 250405b |||||||| |||| 00| 0 eng d
020 _a0-471-02261-6
041 _aeng
082 _a624.15136
_bLAM/SO
100 _aLambe, William T .
_97368
245 _aSoil mechanics (SI Version) /
260 _aLondon :
_bJohn Wiley & Sons ,
_c1979.
300 _a553 ; .
942 _cBK
999 _c7748
_d7748